| 000 | 00442nam a22001577a 4500 | ||
|---|---|---|---|
| 082 | _aBEE-4 RIA | ||
| 100 | _aNimra Riaz | ||
| 245 | _aMaaCare: a real time monitoring device for pregnant women | ||
| 260 |
_aIslamabad _bNUST-SEECS _c2016 |
||
| 300 |
_a73p. _b27cm. _eCD Includes |
||
| 500 | _aSupervisors: Maajid Maqbool, Dr. Salman Abdul Ghafoor | ||
| 700 | _aAyesha Rehman | ||
| 700 | _aRamish Fatima | ||
| 700 | _aMalala Khan | ||
| 942 | _cPR | ||
| 999 |
_c13656 _d13656 |
||